[Event "EU-ch U14 Girls"]
[Site "Albena"]
[Date "2011.09.11"]
[Round "1"]
[White "Pencheva, Iva"]
[Black "Amrayeva, Aytan"]
[Result "1-0"]
[WhiteElo "1732"]
[BlackElo "1939"]
[PlyCount "129"]
[EventDate "2011.09.11"]
[EventType "swiss"]
[EventRounds "9"]
[EventCountry "BUL"]
[SourceTitle "CBM 144 Extra"]
[Source "ChessBase"]
[SourceDate "2011.10.28"]
[SourceVersion "1"]
[SourceVersionDate "2011.10.28"]
[SourceQuality "1"]

1. d4 e6 2. Nf3 Nf6 3. Bf4 b6 4. e3 Bb7 5. Be2 d6 6. h3 Nbd7 7. 0-0 Be7 8. Nbd2 0-0 9. c3 c5 10. Rc1 Rc8 11. Re1 Re8 12. Bh2 d5 13. Ne5 Bd6 14. Ndf3 Ne4 15. Bb5 Nef6 16. Qa4 Re7 17. Nxd7 Bxh2+ 18. Nxh2 Nxd7 19. Nf3 a6 20. Bd3 b5 21. Qd1 c4 22. Bb1 f5 23. Ne5 Nxe5 24. dxe5 g5 25. Qd4 Rg7 26. g3 Qe7 27. Kh2 Rf8 28. f4 h5 29. Rg1 Kf7 30. Rg2 h4 31. g4 fxg4 32. Rxg4 Ke8 33. Rcg1 Rfg8 34. Bc2 Bc8 35. Qb6 Bd7 36. Bd1 Kf8 37. Qd4 gxf4 38. exf4 a5 39. a3 b4 40. axb4 axb4 41. Rxg7 Rxg7 42. Rxg7 Qxg7 43. Bg4 bxc3 44. bxc3 Qg6 45. Qe3 Qc2+ 46. Kg1 Qb1+ 47. Kf2 Qb2+ 48. Be2 Qa3 49. f5 exf5 50. Qh6+ Ke8 51. Qh8+ Qf8 52. Qxh4 Be6 53. Qf4 Qc5+ 54. Kg2 Bd7 55. h4 d4 56. Qxd4 Qxd4 57. cxd4 c3 58. Bd3 Bc6+ 59. Kf2 Be4 60. Bxe4 fxe4 61. Ke2 Kd7 62. d5 c2 63. Kd2 e3+ 64. Kxc2 e2 65. Kd2 1-0